Η εκπαίδευση στην πρωτοβυζαντινή περίοδο : διδακτορική διατριβή

Αποθηκεύτηκε σε:
Λεπτομέρειες βιβλιογραφικής εγγραφής
Κύριος συγγραφέας: Ματσούκας, Σωκράτης Φωτ
Συγγραφή απο Οργανισμό/Αρχή: Πανεπιστήμιο Αιγαίου Σχολή Ανθρωπιστικών Σπουδών Τμήμα Επιστημών Προσχολικής Αγωγής και Εκπαιδευτικού Σχεδιασμού
Μορφή: Thesis Βιβλίο
Γλώσσα:Greek
Δημοσίευση: Ρόδος : Πανεπιστήμιο Αιγαίου, Τμήμα Επιστημών της Προσχολικής Αγωγής και του Εκπαιδευτικού Σχεδιασμού, 2004
Θέματα:
Ετικέτες: Προσθήκη ετικέτας
Δεν υπάρχουν, Καταχωρήστε ετικέτα πρώτοι!

MARC

LEADER 00000cam a2200000 i 4500
001 1/70482
008 050127s2004 gre d
035 |l 10076238 
040 |a GR-MY-UA  |b gre  |e aacr 
041 0 |a gre 
082 0 |a 370.9  |2 (21) 
100 1 |a Ματσούκας, Σωκράτης Φωτ. 
245 1 2 |a Η εκπαίδευση στην πρωτοβυζαντινή περίοδο :  |b διδακτορική διατριβή /  |c Ματσούκα Σωκράτη ; επιβλέπων καθηγητής : Κοντάκος Αναστάσιος ; μέλη της συμβουλευτικής επιτροπής : Χατζηγεωργίου Ιωάννης, Χουρδάκης Αντώνιος, Χιωτάκης Στέλιος, Μπουζάκης Σήφης, Λεοντσίνης Γεώργιος, Σαββίδης Αλέξιος 
260 |a Ρόδος :   |b Πανεπιστήμιο Αιγαίου, Τμήμα Επιστημών της Προσχολικής Αγωγής και του Εκπαιδευτικού Σχεδιασμού,   |c 2004 
300 |a 294 σ. 
500 |a Επιβλέπων καθηγητής : Κοντάκος Αναστάσιος, μέλη της συμβουλευτικής επιτροπής : Χατζηγεωργίου Ιωάννης, Χουρδάκης Αντώνιος, Χιωτάκης Στέλιος, Μπουζάκης Σήφης, Λεοντσίνης 
502 # # |a Διατριβή (διδακτορική) – Πανεπιστήμιο Αιγαίου, Ρόδος, 2004. 
504 |a Περιέχει βιβλιογραφικές αναφορές 
610 2 0 |a University of the Aegean  |x Dissertations. 
650 0 0 |a Education  |z Byzantine Empire  |x History. 
710 2 |a Πανεπιστήμιο Αιγαίου  |b Σχολή Ανθρωπιστικών Σπουδών  |b Τμήμα Επιστημών Προσχολικής Αγωγής και Εκπαιδευτικού Σχεδιασμού. 
852 |a INST  |b RHODES  |c DIATR  |e 20050127  |h 370.9 ΜΑΤ  |p 005400017910  |q 005400017910  |t PHD  |y 23 
852 |a INST  |b RHODES  |c DIATR  |e 20050127  |h 370.9 ΜΑΤ  |p 005400017911  |q 005400017911  |t PHD  |y 23 
901 |a BIBL4-2004-3 
909 |a Ρ  |b 110390 
909 |a Ρ  |b 110391 
924 |a ΜΑΤΣΟΥΚΑΣ  |b ΣΩΚΡΑΤΗΣ  |y ΡΟΔΟΣ  |z 2004-10 
970 |a ΣΜΠΙΛΗ  |b ΕΛΕΝΗ  |z 2005/01/27